<?xml version="1.0" encoding="UTF-8"?>
<record
    xmlns:xsi="http://www.w3.org/2001/XMLSchema-instance"
    xsi:schemaLocation="http://www.loc.gov/MARC21/slim http://www.loc.gov/standards/marcxml/schema/MARC21slim.xsd"
    xmlns="http://www.loc.gov/MARC21/slim">

  <leader>     nam a22     7a 4500</leader>
  <datafield tag="999" ind1=" " ind2=" ">
    <subfield code="c">30399</subfield>
    <subfield code="d">30399</subfield>
  </datafield>
  <controlfield tag="008">190520b        xxu||||| |||| 00| 0 eng d</controlfield>
  <datafield tag="040" ind1=" " ind2=" ">
    <subfield code="a">mksu</subfield>
  </datafield>
  <datafield tag="050" ind1=" " ind2=" ">
    <subfield code="a">HD 7286</subfield>
    <subfield code="b">.U55 1996</subfield>
  </datafield>
  <datafield tag="110" ind1=" " ind2=" ">
    <subfield code="a"> United Nations Conference on Human Settlements (2 ; 1996 ; Stambu&#x142;)</subfield>
  </datafield>
  <datafield tag="245" ind1=" " ind2=" ">
    <subfield code="a">Cities and homes for all : </subfield>
    <subfield code="b">the Habitat agenda /</subfield>
    <subfield code="c">United Nations Conference on Human Settlements (2 ; 1996 ; Stambu&#x142;).</subfield>
  </datafield>
  <datafield tag="260" ind1=" " ind2=" ">
    <subfield code="a">Nairobi,Kenya :</subfield>
    <subfield code="b">United Nations Centre for Human Settlement,</subfield>
    <subfield code="c">1996.</subfield>
  </datafield>
  <datafield tag="300" ind1=" " ind2=" ">
    <subfield code="a">40p. :</subfield>
    <subfield code="b">ill.(chiefly col.);</subfield>
    <subfield code="c">28cm.</subfield>
  </datafield>
  <datafield tag="650" ind1=" " ind2=" ">
    <subfield code="a">Sustainable development.</subfield>
  </datafield>
  <datafield tag="650" ind1=" " ind2=" ">
    <subfield code="a">Housing.</subfield>
  </datafield>
  <datafield tag="942" ind1=" " ind2=" ">
    <subfield code="2">lcc</subfield>
    <subfield code="c">BOOKS</subfield>
    <subfield code="h">HD 7286 .U55 1996</subfield>
  </datafield>
  <datafield tag="952" ind1=" " ind2=" ">
    <subfield code="0">0</subfield>
    <subfield code="1">0</subfield>
    <subfield code="2">lcc</subfield>
    <subfield code="4">0</subfield>
    <subfield code="7">0</subfield>
    <subfield code="a">MUC</subfield>
    <subfield code="b">MUC</subfield>
    <subfield code="c">GEN</subfield>
    <subfield code="d">2019-05-20</subfield>
    <subfield code="e">Donation(Books parlour ltd)</subfield>
    <subfield code="l">0</subfield>
    <subfield code="o">HD 7286 .U55 1996</subfield>
    <subfield code="p">38773</subfield>
    <subfield code="r">2019-05-20</subfield>
    <subfield code="w">2019-05-20</subfield>
    <subfield code="y">BOOKS</subfield>
  </datafield>
</record>
